| 000 | 00929pam a2200253 a 4500 | ||
|---|---|---|---|
| 001 | 1981345 | ||
| 003 | ARRUPE | ||
| 005 | 20160209144626.0 | ||
| 008 | 891004s1990 pau b s001 0 eng | ||
| 010 | _a 89028559 | ||
| 020 |
_a0271006986 (alk. paper) : _c$22.50 |
||
| 040 |
_aDLC _cDLC _dDLC |
||
| 050 | 0 | 0 |
_aB3354.V884 _bK48 1990 |
| 082 | 0 | 0 |
_a193 _220 |
| 100 | 1 |
_aKeulman, Kenneth. _922175 |
|
| 245 | 1 | 4 |
_aThe balance of consciousness : _bEric Voegelin's political theory / _cKenneth Keulman. |
| 260 |
_aUniversity Park [Pa.] : _bPennsylvania State University Press, _cc1990. |
||
| 300 |
_axx, 194 p. ; _c24 cm. |
||
| 504 | _aIncludes bibliographical references (p. [175]-189) and indexes. | ||
| 600 | 1 | 0 |
_aVoegelin, Eric, _d1901-1985. _919096 |
| 906 |
_a7 _bcbc _corignew _d1 _eocip _f19 _gy-gencatlg |
||
| 942 |
_2lcc _cMONOGRAPH |
||
| 999 |
_c124127 _d124127 |
||